00314nam a2200121Ia 4500008004100000020001500041041001200056100001900068245005100087260003000138300000800168650001600176221030s9999 xx 000 0 und d a8176563587 aEnglish aY. P. Kanetkar 0aUnderstanding Pointers in Ccby Y. P. Kanetkar bBPB Pub.aNew Delhic1999 a501 aBB Computer